000 00757cab a22001935a 4500
001 L155466
008 120326e2012 xxk 000 0 eng d
035 _a(Sirsi) u155466
041 0 _aeng
110 2 _aEuroProperty
_91216
245 0 0 _aKey data
_bthe listed sector
260 _c2012
490 0 _aEuroProperty
_v19 March 2012, 19(1)
520 _aEurope's listed property sector shows marginal growth of 0.89%, reversing January's large rise. Tables cover listed property performance v bonds and equities, and top and bottom five European stocks. Graphs show the EPRA global real estate index performance, and property performance v equities and bonds.
590 _aKA
651 4 _aEurope
690 _aCommercial property
_96227
942 _n0
999 _c83872
_d83872